Fuzzy řízení /

Hlavní autor: Vysoký, Petr, 1939-2023
Korporativní autor: České vysoké učení technické v Praze. Elektrotechnická fakulta
Jazyk: Čeština
Vydáno: Praha : České vysoké učení technické, 1997
Vydání: Dot. 1. vyd.
Témata:
Fyzický popis: 131 s. ; 30 cm
Knihy
Uloženo v:
LEADER 00940nam a2200253 a 4500
001 000197417
003 CZ BrMZK
005 19970103143423.0
008 970505s1997 xr f cze d
020 |z 80-01-01429-8 
040 |a BOA001  |b cze 
080 |a 510.22(075.8)  |2 MRF 
080 |a 519.711.3(075.8)  |2 MRF 
100 1 |a Vysoký, Petr,  |d 1939-2023  |7 ntka174409  |4 aut 
245 1 0 |a Fuzzy řízení /  |c Petr Vysoký 
250 |a Dot. 1. vyd. 
260 |a Praha :  |b České vysoké učení technické,  |c 1997 
300 |a 131 s. ;  |c 30 cm 
500 |a Určeno pro posl. fak. elektrotechn. Čes. vys. učení techn. v Praze. - Bibliogr. 
653 0 |a fuzzy množin  |a fuzzy řízení 
710 2 |a České vysoké učení technické v Praze.  |b Elektrotechnická fakulta  |7 kn20010710175 
910 |a BOA001  |b TK-A-0261.285 
990 |a BK 
996 7 |b 2620007591  |c TK-A-0261.285  |l MZK  |r Sklad / do 24 hodin  |n 31  |p kup  |w 000197417  |u 000010  |a 1  |e BOA001  |j MZK50  |s A